Statistics for Turkic Languages

Click here to take the quiz!

General Stats

  • This quiz has been taken 400 times
  • The average score is 14 of 33

Answer Stats

Native speakersLanguage% Correct
75.7mTurkish
99%
14mKazakh
98%
27mUzbek
97%
23mAzerbaijani
94%
6.7mTurkmen
93%
5mKyrgyz
91%
5.5mTatar
81%
11mUyghur
78%
1.5mBashkir
58%
400kYakut
55%
1.04mChuvash
53%
140kGagauz
50%
300kTuvan
49%
600kCrimean Tatar
48%
60kAltai
44%
650kKarakalpak
41%
949kQashqai
40%
50kKhakas
31%
100kNogai
29%
450kKumyk
24%
400kKarachay-Balkar
20%
1kDolgan
18%
886kKhorasani Turkic
18%
100kSiberian Tatar
18%
3kShor
17%
100Karaim
16%
19kKhalaj
15%
50Chulym
13%
200Krymchak
12%
100Tofa
12%
5kWestern Yugur
12%
6kÄynu
11%
100Ili Turki
7%

Score Distribution

Percentile by Number Answered

Percent of People with Each Score

Your Score History

You have not taken this quiz